Soprannomi dei calciatori - 5 - Statistics

Statistiche generali
  • Questo quiz è stato fatto 77 volte
  • Il punteggio medio è 8 su 15
Statistiche sulle risposte
Soprannome Calciatore % Corretto
El Papu Alejandro Gómez
97%
Trezegol David Trezeguet
97%
Super Mario Mario Balotelli
94%
Le Petit Diable Antoine Griezmann
81%
El Niño Maravilla Alexis Sánchez
73%
Formica Atomica Sebastian Giovinco
67%
Ninja Radja Nainggolan
64%
El Flaco Javier Pastore
48%
Spillo Alessandro Altobelli
39%
Re Leone Gabriel Batistuta
30%
El Pajarito Federico Valverde
25%
Tempesta perfetta Alessandro Nesta
21%
El Guaje David Villa
16%
Piscinin Franco Baresi
6%
Psycho Stuart Pearce
4%
Nessun quiz corrispondente trovato
Distribuzione punteggi
Percentuale di utenti per punteggio
Percentile per numero di risposta
I tuoi punteggi nel tempo
Non hai fatto questo quiz